Efecto de la relación polvo/asfalto en el comportamiento mecánico de las mezclas asfálticas
Gardado en:
| Autor Principal: | |
|---|---|
| Outros autores: | |
| Formato: | Libro |
| Idioma: | Spanish |
| Publicado: |
[San José], Costa Rica
2020
|
| Materias: | |
| Etiquetas: |
Engadir etiqueta
Sen Etiquetas, Sexa o primeiro en etiquetar este rexistro!
|
MARC
| LEADER | 00000nam a2200000Ia 4500 | ||
|---|---|---|---|
| 003 | 013226 | ||
| 005 | 20230314154413.0 | ||
| 008 | 140116s2020 cr a 000 ||spa d | ||
| 040 | |c cru CEDI | ||
| 100 | |a Oviedo Campos, Alexander, 1996- |9 240 | ||
| 245 | |a Efecto de la relación polvo/asfalto en el comportamiento mecánico de las mezclas asfálticas | ||
| 260 | |a [San José], Costa Rica |c 2020 | ||
| 500 | |a Proyecto de graduación (licenciatura en ingeniería civil)--Universidad de Costa Rica. Facultad de Ingeniería. Escuela de Ingeniería Civil | ||
| 501 | |a Directo de proyecto de graduación: Ing. José Pablo Aguiar Moya, PhD. | ||
| 650 | |x FATIGA DE MATERIALES - PRUEBAS |x PAVIMENTOS FLEXIBLES - EVALUACION |x ENSAYOS DE MATERIALES |x PAVIMENTOS DE ASFALTO - INVESTIGACIONES |x RESISTENCIA DE MATERIALES - PRUEBAS | ||
| 700 | |9 135 |a Aguiar Moya, José Pablo, 1981- |d Director del TFG | ||
| 942 | |c CEDI |h TFG 8377 |6 TFG_8377_000000000000000 | ||
| 999 | |c 13262 |d 13262 | ||
